| 000 | 00642nam a2200205Ia 4500 | ||
|---|---|---|---|
| 003 | GCL | ||
| 008 | 140319s9999 xx 000 0 ara d | ||
| 040 |
_aGCL / _cGCL |
||
| 082 | 0 | 4 |
_aق _b447.932 _bع ق |
| 100 | 1 | _aعبدالمحسن بكير | |
| 245 | 1 | 0 |
_aقواعد اللغة المصرية فى عصرها الذهبى / _cعبدالمحسن بكير |
| 260 |
_a[S.N] : _bلا يوجد ، _c1958 |
||
| 300 | _a136 ص | ||
| 490 | _a | ||
| 650 | 0 | 4 | _aمصر القديمة |
| 650 | 0 | 4 | _aاللغة اللاتينية |
| 650 | 0 | 4 | _aاللغة القبطية |
| 650 | 0 | 4 | _aاللغة المصرية القديمة |
| 942 |
_2ddc _cBK |
||
| 999 |
_c36457 _d36457 |
||